| 000 | 00525cam a2200205ua 4500 | ||
|---|---|---|---|
| 001 | 9857 | ||
| 008 | 160930n ii |||gr||||Z||||||eng | ||
| 020 | _a9788120803657 | ||
| 040 | _cMAIN | ||
| 041 | _aeng | ||
| 082 | _a100 | ||
| 100 |
_aSarma, Chandradhar, _eAuthor. |
||
| 245 |
_aCritical survey of Indian philosophy _cBy Chandradhar Sarma |
||
| 250 | _a13th rep. | ||
| 260 |
_aDelhi: _bMotilal Banarsidass, _c2013. |
||
| 300 | _a415p. | ||
| 653 | _aPhilosophy & psychology | ||
| 653 | _aIndian philosophy | ||
| 942 | _cBK | ||
| 999 |
_c8867 _d8867 |
||